| 000 | 01670cam a2200313 a 4500 | ||
|---|---|---|---|
| 999 |
_c12440 _d12440 |
||
| 003 | Ost | ||
| 005 | 20240116121253.0 | ||
| 008 | 090609s2007 gw abe b 001 0 eng c | ||
| 020 | _a9783422206717 | ||
| 020 | _a3422066713 | ||
| 100 | 1 |
_aSchinkel, Karl Friedrich, _d1781-1841. |
|
| 240 | 1 | 0 |
_aKarl Friedrich Schinkel. _lEnglish |
| 245 | 1 | 0 |
_aKarl Friedrich Schinkel : _bguide to his buildings / _ctranslated by Wendy Wallis and Ian Petter ; authors, Andreas Bernhard ... [et al.]. |
| 250 | _a1st English ed. | ||
| 260 |
_aMunich : _bDeutscher Kunstverlag, _cc2007. |
||
| 300 |
_a399 p. : _bill., maps, plans ; _c22 cm. |
||
| 500 | _aTranslation of: Karl Friedrich Schinkel : Führer zu seinen Bauten | ||
| 504 | _aIncludes bibliographical references (p. 398-399) and index. | ||
| 505 | 0 | _aPt. I. Berlin and Potsdam / edited for the Schinkel-Zentrum of the Technical University Berlin by Johannes Cramer, Ulrike Laible und Hans-Dieter Nägelke -- Pt. II. From Aachen through Mark Brandenburg to Saint Petersburg / edited for the Haus der Brandenburgisch-Preussischen Geschichte by Andreas Bernhard. | |
| 600 | 1 | 0 |
_aSchinkel, Karl Friedrich, _d1781-1841 _vThemes, motives. |
| 650 | 0 |
_aNeoclassicism (Architecture) _zGermany _vGuidebooks. |
|
| 650 | 0 |
_aNeoclassicism (Architecture) _zEurope _vGuidebooks. |
|
| 700 | 1 |
_aCramer, Johannes, _d1950- |
|
| 700 | 1 | _aLaible, Ulrike. | |
| 700 | 1 | _aNägelke, Hans-Dieter. | |
| 700 | 1 | _aBernhard, Andreas. | |
| 776 | 0 | 8 |
_iOnline version: _aSchinkel, Karl Friedrich, 1781-1841. _sKarl Friedrich Schinkel. English. _tKarl Friedrich Schinkel. _b1st English ed. _dMunich : Deutscher Kunstverlag, c2007 _w(OCoLC)608038161 |
| 942 | _2ddc | ||